| 000 | 00581npc a2200205Ia 4500 | ||
|---|---|---|---|
| 001 | ist55-28101 [d000003281] | ||
| 003 | IT-MiCISF | ||
| 008 | 161014s9999||||xx | und|| | ||
| 040 |
_aIT-MiCISF _cIT-MiCISF |
||
| 041 | _ait | ||
| 100 | _aAA.VV. | ||
| 245 | 0 |
_aIndicatori provinciali di fecondità _bAnni 1975-1994 |
|
| 250 | _a1a ed. | ||
| 260 |
_a Roma _bIstat _c1998 |
||
| 300 | _app. 68 | ||
| 500 | _aIstituto Nazionale di Statistica / popolazione, fecondità, comparazione, natalità / | ||
| 650 | _apopolazione | ||
| 942 | _cDD | ||
| 957 | _71 | ||
| 999 |
_a28101 _bsi _g1 _c206158 _d206158 |
||